H D Deve Gowda: (Record no. 223011)

MARC details
000 -LEADER
fixed length control field 00630nam a22002297a 4500
005 - DATE AND TIME OF LATEST TRANSACTION
control field 20220521101039.0
008 - FIXED-LENGTH DATA ELEMENTS--GENERAL INFORMATION
fixed length control field 220519b ||||| |||| 00| 0 eng d
020 ## - INTERNATIONAL STANDARD BOOK NUMBER
International Standard Book Number 8186405006
040 ## - CATALOGING SOURCE
Transcribing agency Aloy
041 ## - LANGUAGE CODE
Language code of text/sound track or separate title eng
082 ## - DEWEY DECIMAL CLASSIFICATION NUMBER
Edition number 23
Classification number 324.2092
Item number SINH
100 ## - MAIN ENTRY--PERSONAL NAME
Personal name Darshan Singh
100 ## - MAIN ENTRY--PERSONAL NAME
9 (RLIN) 38361
245 ## - TITLE STATEMENT
Title H D Deve Gowda:
Remainder of title The nation owes
260 ## - PUBLICATION, DISTRIBUTION, ETC.
Place of publication, distribution, etc. New Delhi
Name of publisher, distributor, etc. Kuljyot Kaur
Date of publication, distribution, etc. 1997
300 ## - PHYSICAL DESCRIPTION
Extent xxvi,124p.
Other physical details PB
Dimensions 17x12cm.
365 ## - TRADE PRICE
Source of price type code Biography
Price amount 600.00
Currency code
Unit of pricing 600.00
650 ## - SUBJECT ADDED ENTRY--TOPICAL TERM
Topical term or geographic name entry element Biography
9 (RLIN) 37993
650 ## - SUBJECT ADDED ENTRY--TOPICAL TERM
Topical term or geographic name entry element Prime Minister
9 (RLIN) 37994
650 ## - SUBJECT ADDED ENTRY--TOPICAL TERM
Topical term or geographic name entry element Politician
9 (RLIN) 37995
700 ## - ADDED ENTRY--PERSONAL NAME
Personal name SINGH (Darshan)
9 (RLIN) 37996
942 ## - ADDED ENTRY ELEMENTS (KOHA)
Source of classification or shelving scheme Dewey Decimal Classification
Koha item type George Fernandes Collections
Holdings
Withdrawn status Lost status Source of classification or shelving scheme Damaged status Not for loan Collection code Home library Current library Date acquired Total Checkouts Full call number Barcode Date last seen Price effective from Koha item type
    Dewey Decimal Classification     Others St Aloysius Library St Aloysius Library 03/24/2013   324.2092 SINH GF02119 05/19/2022 05/19/2022 George Fernandes Collections